| 000 | 01700nam1a2200289 i 4500 | ||
|---|---|---|---|
| 001 | RU\NLR\bibl\1799455 | ||
| 005 | 20241114181357.0 | ||
| 035 | _a(NLR Aleph) 001790127 | ||
| 090 |
_a1752058 _c1752058 |
||
| 100 | _a20110817g20099999u y0rusy50 ca | ||
| 101 | 0 | _arus | |
| 102 | _aRU | ||
| 105 | _a||||z ||||| | ||
| 200 | 1 |
_aОсновы функционирования цифровой техники и интегральных микросхем _eучебное пособие _e[для студентов высших учебных заведений, обучающихся по специальности 100101 "Сервис"] _fКолесников Е.Б. _gФедер. агентство по образованию РФ, ГОУ ВПО "Рос. хим.-технол. ун-т им. Д.И. Менделеева", Новомоск. ин-т (фил.) |
|
| 210 |
_aНовомосковск _cРоссийский химико-технологический университет _d2009 |
||
| 215 | _d20 | ||
| 463 | 0 | _10011693974 | |
| 606 |
_aЦифровая радиоэлектроника _jУчебные издания для высших учебных заведений _92342547 _3RU\NLR\auth\661400116 |
||
| 606 |
_aЦифровые интегральные схемы _jУчебные издания для высших учебных заведений _92151648 _3RU\NLR\auth\661295710 |
||
| 686 | _aЗ844я73-1 | ||
| 700 | 1 |
_aКолесников _bЕ. Б. _gЕвгений Борисович _4070 |
|
| 801 | 0 |
_aRU _bNLR _c20110817 _gRCR |
|
| 801 | 1 |
_aRU _bNLR _c20110817 |
|
| 830 | _aавт. раскрыт по кн. | ||
| 852 |
_aNLR _j2010-3/35632 |
||
| 942 | _cBOOK | ||